00967 2200229 4500245008800000020002200088250001500110100002100125700002200146700002600168700002700194650002100221650002000242650002000262005001900282260002700301041001400328084000800342300002600350500035200376336000900728 aPengerjaan Logam dengan Perkakas Tangan dan Mesin SederhanacSchonmetz, AloishText a978-979-665-802-2 aEd. Revisi aSchonmetz, Alois aFrischherz, Adolf aEddy D. Hardjapamekas aTim Penyunting Angkasa aPengerjaan Logam aPerkakas Tangan aMesin Sederhana a20231003140308 aBandungbAngkasac2013 aIndonesia a669 avi, 356 hlm. :cilus. aBuku ini merupakan salah satu bagian dari rangkaian buku pengetahuan kejuruan untuk pengerjaan logam. Dalam buku ini, secara terperinci dibahas tentang cara pengerjaan logam dengan perkakas tangan dan mesin sederhana, pengertian-pengertian dasar mengenai toleransi, suaian ISO, pengukuran, penempatan, penyolderan, pengelasan, dan lain sebagainya. atext